00625nam a2200205Ia 450000500170000000800410001702000140005804000190007204100120009108200160010310000190011924500410013826000520017930000230023144000370025450400500029165000250034165100430036685000100040920230708093518.0131103s9999 xx 000 0 und d a415150450 aLoreto College aEnglish a951.05bLAW aLawrance, Alan aChina Under CommunismcAlan Lawrance aLondon and New YorkbRoutledgec1998 (2000 rep) axii,158p, 21.5 cm. aMaking of the contemporary world aIncludes bibliographical references and index aChina, History, 1949 aChina, Politics and Government, 1949  aLCLIB